000 00672nam a2200205Ia 4500
008 140321s9999 xx 000 0 und d
020 _a9780324789423
050 _aHF 5635
_b.W137 2011
100 _aWahlen, James M.
245 _aFinancial reporting, financial statement analysis, and valuation :
_ba strategic perspective /
_cJames M. Wahlen, Stephen P. Baginski, & Mark T. Bradshaw.
250 _a7th ed.
260 _aOhio :
_bSouth-Western Cengage Learning,
_cc2011.
300 _a1261 p. :
_bill. ;
_c26 cm.
500 _aIncludes index.
521 _aBSA
650 _aAccounting.
650 _aFinancial statements.
942 _kFOR
_cBK
999 _c48591
_d48591